Which River Flows Through This City? - Statistics

General Stats
  • This quiz has been taken 620 times
    594 since last reset
  • The average score is 26 of 39
Answer Stats
City River % Correct
Cairo Nile
99%
London Thames
99%
Vienna Danube
98%
New Orleans Mississippi
93%
Paris Seine
93%
Kinshasa Congo
90%
Baghdad Tigris
90%
Rotterdam Rhine
89%
Kolkata Ganges
85%
Manaus Amazon | Negro
83%
Nizhny Novgorod Volga
82%
Shanghai Yangtze | Huangpu
82%
Turin Po
79%
Rome Tiber
79%
Phnom Penh Mekong
78%
Rostov-on-___ Don
77%
El Paso Rio Grande
76%
Kiev Dnieper
72%
Geneva Rhône
72%
Newcastle-upon-____ Tyne
71%
Bamako Niger
70%
Nantes Loire
69%
Hamburg Elbe
67%
Cincinnati Ohio River
67%
Stoke-on-_____ Trent
65%
Warsaw Vistula
57%
Novosibirsk Ob
52%
Whitehorse Yukon
51%
Yakutsk Lena
46%
Zaragoza Ebro
43%
Amsterdam Amstel
42%
Wrocław Oder
38%
Berlin Spree | Havel
38%
Porto Douro
36%
Bordeaux Garonne
30%
Innsbruck Inn
29%
Essen Ruhr
29%
Florence Arno
28%
Prague Vltava
24%
No matching quizzes found
Score Distribution
Percent of People with Each Score
Percentile by Number Answered
Your Score History
You have not taken this quiz since the last reset